| 000 | 00629nam a2200217 i 4500 | ||
|---|---|---|---|
| 001 | 124035 | ||
| 003 | ES-MaACL | ||
| 005 | 20230906192313.0 | ||
| 007 | t| | ||
| 008 | 070214s1979 mx |||| | spa d | ||
| 080 | _a378(72) | ||
| 100 | 1 |
_aRangel Guerra, Alfonso. _995420 |
|
| 245 | 1 | 3 |
_aLa educación superior en México / _cAlfonso Rangel Guerra. |
| 260 |
_aMéxico : _bEl Colegio de México, _c1979. |
||
| 300 |
_aVII, 146 p. ; _c19 cm. |
||
| 490 | 1 |
_aJornadas ; _v86 |
|
| 650 | 4 |
_aEnseñanza superior- _zMéxico. _9148283 |
|
| 830 | 0 |
_aJornadas ; _v86 _9186836 |
|
| 852 |
_aES-MaACL _jL-5436 |
||
| 999 |
_c124035 _d124035 |
||